000 00282nam a22001337a 4500
008 180914b xxu||||| |||| 00| 0 eng d
020 _a0030062187
041 _aeng
080 _a371
100 _a25
101 _aEDU
245 _aWrite to Learn
_cMurray, D.M
942 _2udc
_cBK
999 _c47764
_d47764